Представление документа в формате MARC21

ПолеНазваниеЗначение
  Тип записи a
  Библиографический уровень m
001 Контрольный номер RU\infra-m\znanium\bibl\2195730
005 Дата корректировки 20260429142120.5
008 Кодируемые данные 250716s2025 RU g rus u
020 Индекс ISBN __
a ISBN 978-5-907830-75-2
040 Источник каталогиз. __
a Служба первич. каталог. Общество с ограниченной ответственностью «ЗНАНИУМ»
041 Код языка издания __
a Код языка текста rus
044 Код страны публикации __
a Код страны публикации RU
080 Индекс УДК __
a Индекс УДК 330
080 Индекс УДК __
a Индекс УДК 574
084 Индекс другой классификации/Индекс ББК __
2 Источник индекса rubbk
a Индекс другой классификации/Индекс ББК 280
084 Индекс другой классификации/Индекс ББК __
2 Источник индекса rubbk
a Индекс другой классификации/Индекс ББК 6501
084 Индекс другой классификации/Индекс ББК __
2 Источник индекса okso
a Индекс другой классификации/Индекс ББК 38.04.01
084 Индекс другой классификации/Индекс ББК __
2 Источник индекса okso
a Индекс другой классификации/Индекс ББК 38.04.02
084 Индекс другой классификации/Индекс ББК __
2 Источник индекса okso
a Индекс другой классификации/Индекс ББК 40.04.01
100 Автор __
a Автор Данильченко С.Л.
q Полное имя Данильченко Сергей Леонидович
u Дополнение Севастопольский государственный университет
245 Заглавие __
a Заглавие Принципы построения новой экосистемы: экономические, юридические и социальные аспекты
b Продолж. заглавия Монография
c Ответственность Севастопольский государственный университет; Дальневосточный юридический институт Министерства внутренних дел Российской Федерации; Университет прокуратуры Российской Федерации; Кубанский государственный университет физической культуры, спорта и туризма; Санкт-Петербургский университет Федеральной службы исполнения наказаний; Уральский государственный экономический университет; Балтийский федеральный университет им. Иммануила Канта; Российская академия народного хозяйства и государственной службы при Президенте РФ; Севастопольский государственный университет; Российский экономический университет им. Г.В. Плеханова; Институт управления, бизнеса и технологий
250 Сведения об издании __
a Основные сведения об издании 1
260 Выходные данные __
a Место издания Чебоксары
b Издательство ООО "Издательский дом "Среда"
c Дата издания 2024
300 Физическое описание __
a Объем 245 с.
520 Аннотация __
a Аннотация В монографии представлены научно-исследовательские материалы известных и начинающих ученых объединенные основной темой современного видения путей развития права и экономического развития. Монография может быть полезна для руководителей экономистов менеджеров юристов и других работников предприятий и организаций представителей органов государственной власти и местного самоуправления преподавателей аспирантов магистрантов и студентов высших учебных заведений.
521 Примеч. о цел. назн. __
a Примеч. о целев. назн. Профессиональное образование
650 Тематические рубрики __
a Основная рубрика Экономика. Бухгалтерский учет. Финансы
x Основная подрубрика Экономика социальной сферы
655 Указ. предметных рубрик (устаревшее) __
a Жанр/ форма (устаревшее) Монография
700 Другие авторы __
a Другие авторы Судакова Н.Е.
q Полное имя Судакова Наталия Евгеньевна
u Дополнение Российская академия народного хозяйства и государственной службы при Президенте РФ
700 Другие авторы __
a Другие авторы Курдюмов А.В.
q Полное имя Курдюмов Александр Васильевич
u Дополнение Уральский государственный экономический университет
700 Другие авторы __
a Другие авторы Громова Н.С.
q Полное имя Громова Наталья Сергеевна
u Дополнение Уральский государственный экономический университет
700 Другие авторы __
a Другие авторы Круглов В.Н.
q Полное имя Круглов Владимир Николаевич
u Дополнение Институт управления, бизнеса и технологий
700 Другие авторы __
a Другие авторы Астафурова О.А.
q Полное имя Астафурова Ольга Анатольевна
u Дополнение Российская академия народного хозяйства и государственной службы при Президенте РФ
700 Другие авторы __
a Другие авторы Кулагина И.И.
q Полное имя Кулагина Ирина Ивановна
u Дополнение Российская академия народного хозяйства и государственной службы при Президенте РФ
700 Другие авторы __
a Другие авторы Малов М.С.
q Полное имя Малов Михаил Сергеевич
u Дополнение Российский экономический университет им. Г.В. Плеханова
700 Другие авторы __
a Другие авторы Ушакова О.А.
q Полное имя Ушакова Ольга Александровна
u Дополнение Российский экономический университет им. Г.В. Плеханова
700 Другие авторы __
a Другие авторы Костенко Е.Г.
q Полное имя Костенко Елена Геннадьевна
u Дополнение Кубанский государственный университет физической культуры, спорта и туризма
700 Другие авторы __
a Другие авторы Медведева Н.В.
q Полное имя Медведева Надежда Васильевна
u Дополнение Российская академия народного хозяйства и государственной службы при Президенте РФ
700 Другие авторы __
a Другие авторы Мещерягина В.А.
q Полное имя Мещерягина Вероника Александровна
u Дополнение Уральский государственный экономический университет
700 Другие авторы __
a Другие авторы Вилачева М.Н.
q Полное имя Вилачева Мария Николаевна
u Дополнение Уральский государственный экономический университет
700 Другие авторы __
a Другие авторы Балковая В.Г.
q Полное имя Балковая Валентина Григорьевна
u Дополнение Дальневосточный юридический институт Министерства внутренних дел Российской Федерации
700 Другие авторы __
a Другие авторы Ланкова В.А.
q Полное имя Ланкова Виталина Алексеевна
u Дополнение Дальневосточный юридический институт Министерства внутренних дел Российской Федерации
700 Другие авторы __
a Другие авторы Панюшкина М.А.
q Полное имя Панюшкина Марина Александровна
u Дополнение Балтийский федеральный университет им. Иммануила Канта
700 Другие авторы __
a Другие авторы Квасов В.Б.
q Полное имя Квасов Владимир Борисович
700 Другие авторы __
a Другие авторы Сизова А.С.
q Полное имя Сизова Алла Сергеевна
u Дополнение Санкт-Петербургский университет Федеральной службы исполнения наказаний
700 Другие авторы __
a Другие авторы Бабушкин Э.Р.
q Полное имя Бабушкин Эдуард Рудольфович
u Дополнение Санкт-Петербургский университет Федеральной службы исполнения наказаний
700 Другие авторы __
a Другие авторы Семенова С.С.
q Полное имя Семенова Светлана Степановна
700 Другие авторы __
a Другие авторы Фомин Э.В.
q Полное имя Фомин Эдуард Валентинович
u Дополнение Чувашский государственный институт культуры и искусств
856 Электронный адрес документа 4_
a Имя сервера/домена znanium.ru
m Помощь ebs_support@infra-m.ru
n Местонахождение сервера НИЦ ИНФРА-М
u URL https://znanium.ru/catalog/document?id=460510
856 Электронный адрес документа 48
a Имя сервера/домена znanium.ru
d Путь /cover/2195
f Электронное имя 2195730.jpg
q Тип электронного формата image/jpeg
u URL https://znanium.ru/cover/2195/2195730.jpg
911 __
u 0030=https://znanium.ru/catalog/document?id=460510
911 __
u 712a=Дальневосточный юридический институт Министерства внутренних дел Российской Федерации
911 __
u 712a=Университет прокуратуры Российской Федерации
911 __
u 712a=Кубанский государственный университет физической культуры, спорта и туризма
911 __
u 712a=Санкт-Петербургский университет Федеральной службы исполнения наказаний
911 __
u 712a=Уральский государственный экономический университет
911 __
u 712a=Балтийский федеральный университет им. Иммануила Канта
911 __
u 712a=Российская академия народного хозяйства и государственной службы при Президенте РФ
911 __
u 712a=Севастопольский государственный университет
911 __
u 712a=Российский экономический университет им. Г.В. Плеханова
911 __
u 712a=Институт управления, бизнеса и технологий